00876nam a22002537a 450000500170000001000130001702000220003003500130005203700160006504000120008108200150009310000280010824500960013624600060023226000430023827000370028130000200031850000610033865000230039965000340042294200250045699900190048195201220050020170124110156.0 aA-948158 c00.00a8172246986 aA-948158 bCen Lib/Ret aDPLbEN a070.4bHAL aHall, Christine 974475 aHow to be a freelance jounalist :cby Christine Hall byour step-by-step guide to success / b  bJaico Publishing House c1995aMumbai  bMumbai e400001a121, M.G. Road  a160p.c19cm(Hb) aIncludes glossary, bibliographical references and index  aJournalism 974476 aPlanning your success 935164 2ddccENh070.4mHALL c132580d132580 00104070aLbLd2015-07-23eCen Lib/Retg0.00l0o070.4 HALpA-948158r2015-07-23 00:00:00t1v0.00w2015-07-23yEN